Financial accounting for B B A (Record no. 17056)

MARC details
000 -LEADER
fixed length control field 00448nam a2200169Ia 4500
008 - FIXED-LENGTH DATA ELEMENTS--GENERAL INFORMATION
fixed length control field 230917s9999||||xx |||||||||||||| ||und||
020 ## - ISBN
Price RS425
040 ## - CATALOGING SOURCE
-- 229911
Original cataloging agency VIVEKANANDA LIBRARY
041 ## - Language
-- English
082 ## - DDC NUMBER
Classification number 657.48 M278F
100 ## - MAIN ENTRY--PERSONAL NAME
Personal name Maheshwari, S N
245 #0 - TITLE STATEMENT
Title Financial accounting for B B A
260 ## - PUBLICATION, DISTRIBUTION, ETC. (IMPRINT)
Place of publication, distribution, etc New Delhi
Name of publisher, distributor, etc Vikas Publishing
Date of publication, distribution, etc 2010
300 ## - PHYSICAL DESCRIPTION
Pages v. p.
500 ## - GENERAL NOTE
General note 2227 24/12/2015 HBD15/1244 31/12/2015 Main Budget
942 ## - ADDED ENTRY ELEMENTS (KOHA)
Koha item type Books
Holdings
Withdrawn status Lost status Damaged status Not for loan Location (home branch) Sublocation or collection (holding branch) Shelving location Date acquired Koha issues (times borrowed) Koha full call number Accession No. Koha date last seen Koha item type
        VIVEKANANDA LIBRARY VIVEKANANDA LIBRARY IMSAR Library 08/04/2016 3 657.48 M278F 356107 25/09/2025 Books
© Designed and Maintained by Vivekananda Library, MDU Rohtak